World history : The human experience
This book provides the reader with diluted and out of order history which does nothing except grace a classroom with twenty-five confused faces. For students to easily grasp the events of the past and the time periods between them, chronological order is vital. For example, Farah and Karls have crea...
Đã lưu trong:
| 主要作者: | |
|---|---|
| 格式: | 圖書 |
| 語言: | Undetermined |
| 出版: |
Columbus, Ohio
McGraw-Hill
1999
|
| 主題: | |
| 標簽: |
添加標簽
沒有標簽, 成為第一個標記此記錄!
|
| Thư viện lưu trữ: | Trung tâm Học liệu Trường Đại học Cần Thơ |
|---|
| LEADER | 01037nam a2200205Ia 4500 | ||
|---|---|---|---|
| 001 | CTU_141184 | ||
| 008 | 210402s9999 xx 000 0 und d | ||
| 082 | |a 909 | ||
| 082 | |b F219 | ||
| 100 | |a Farah, Mounir | ||
| 245 | 0 | |a World history : | |
| 245 | 4 | |b The human experience | |
| 245 | 0 | |c Mounir Farah, Andrea Berens Karls | |
| 260 | |a Columbus, Ohio | ||
| 260 | |b McGraw-Hill | ||
| 260 | |c 1999 | ||
| 520 | |a This book provides the reader with diluted and out of order history which does nothing except grace a classroom with twenty-five confused faces. For students to easily grasp the events of the past and the time periods between them, chronological order is vital. For example, Farah and Karls have created units that overlap significant periods of time where the "Royal Power and Conflict" chapter covers 1500-1750 and then the next chapter "Empires of Asia" covers 1350-1850. | ||
| 650 | |a World history,Lịch sử thế giới | ||
| 904 | |i Trọng Hải | ||
| 980 | |a Trung tâm Học liệu Trường Đại học Cần Thơ | ||